Rural policy issues : papers presented at a seminar on "Europe 1993: implications for rural areas" at Douneside, Aberdeenshire, Scotland, UK
Saved in:
| Corporate Authors: | , , , |
|---|---|
| Other Authors: | |
| Format: | Conference Proceeding Book |
| Language: | English |
| Published: |
Enstone :
The Arkleton Trust,
1991
|
| Subjects: | |
| Tags: |
Add Tag
No Tags, Be the first to tag this record!
|
MARC
| LEADER | 00000nam a2200000 i 4500 | ||
|---|---|---|---|
| 001 | 1/88951 | ||
| 008 | 990825s1991 eng d | ||
| 020 | |a 0-906724-39-2 | ||
| 035 | |l 10052659 | ||
| 040 | |a GR-MY-UA |b gre |e aacr | ||
| 041 | 0 | |a eng | |
| 082 | 0 | |a 307.1412 | |
| 111 | 2 | |a Europe 1993 : Implications for Rural Areas Seminar |d (1990 : |c Douneside, Scotland) | |
| 245 | 1 | 0 | |a Rural policy issues : |b papers presented at a seminar on "Europe 1993: implications for rural areas" at Douneside, Aberdeenshire, Scotland, UK / |c edited by Michael Tracy |
| 260 | |a Enstone : |b The Arkleton Trust, |c 1991 | ||
| 300 | |a 171 p.; |c 30 cm. | ||
| 500 | |a At head of title: Arkleton Trust, Aspen Institute, Canadian Agricultural and Rural Restructuring Group | ||
| 650 | 0 | 0 | |a Rural development |x Congresses. |
| 700 | 1 | |a Tracy, Michael |d 1932- |4 edt | |
| 710 | 2 | |a Arkleton Trust. | |
| 710 | 2 | |a Aspen Institute for Humanistic Studies. | |
| 710 | 2 | |a Canadian Agricultural and Rural Restructuring Group. | |
| 852 | |a INST |b LESVOS |e 19990825 |h 307.1412 RUR |p 005100021044 |q 005100021044 |t BK |y 0 | ||
| 901 | |a BIBL1-2000-2 | ||
| 909 | |a Λ |b 063563 | ||
| 922 | |a 1ΕΛΗ |b 199901 |c ΚΠΣ/ΤΓ |d LEADER | ||
| 950 | |a 118-1998-10-19 | ||
| 970 | |z 2000/04/ΜΙΧΑΗΛΙΔΟΥ ΑΝΝΑ | ||